| 000 | 02243cam a22006494i 4500 | ||
|---|---|---|---|
| 003 | PE-LiUPU | ||
| 005 | 20250731170400.0 | ||
| 008 | 150617s r 000 0 d | ||
| 020 | _a8430104232 | ||
| 035 | _a(Sirsi) i9788430104239 | ||
| 040 |
_aPE-LiUPU _bspa _cPE-LiUPU _erda |
||
| 049 | _aPRUA | ||
| 082 | 0 | 4 |
_a111 _bG41 _221 |
| 100 | 1 |
_aGevaert, Joseph, _eautor. |
|
| 245 | 1 | 3 |
_aEl problema del hombre : _bintroducción a la antropología filosófica / _cJoseph Gevaert ; [tradujo, Alfonso Ortiz]. |
| 264 | 1 |
_aSalamanca, España : _bEdiciones SIGUEME, _c1983. |
|
| 300 |
_a360 páginas ; _c22 centímetros. |
||
| 336 |
_atext _2rdacontent |
||
| 337 |
_aunmediated _2rdamedia |
||
| 338 |
_avolume _2rdacarrier |
||
| 490 | 0 |
_aLux Mundi ; _v48 |
|
| 504 | _aIncluye bibliografía. | ||
| 505 | 0 | _aDimensiones fundamentales de la existencia humana -- La existencia humana como llamada y tarea -- Fronteras de la existencia y perspectivas de la esperanza. | |
| 526 | _aSEG68 | ||
| 526 | _aSEG70 | ||
| 526 | _aSEG69 | ||
| 526 | _aSEG67 | ||
| 526 | _aSEG43 | ||
| 526 | _aP144 | ||
| 526 | _aP143 | ||
| 526 | _aP131 | ||
| 526 | _aP122 | ||
| 526 | _aP120 | ||
| 526 | _aP117 | ||
| 526 | _aP112 | ||
| 526 | _aP110 | ||
| 526 | _aP106 | ||
| 526 | _aP101 | ||
| 526 | _aP80 | ||
| 526 | _aP59 | ||
| 526 | _aP54 | ||
| 526 | _aP35 | ||
| 526 | _aP33 | ||
| 526 | _aP30 | ||
| 650 | 0 | 4 | _aAntropología filosófica. |
| 700 | 1 |
_aOrtiz, Alfonso, _etraductor. |
|
| 910 |
_ajck _bjvq _cjck _d20150616 |
||
| 942 |
_2ddc _cBOOK |
||
| 949 |
_a111 G41 _wDEWEY _c1 _i30395 _lCCODEBUL1 _mBUL _r0 _sY _tBOOK _u2015-6-17 _xTEOLOGIA _PP35 _0COMPRA _o.STAFF. Colección General |
||
| 949 |
_a111 G41 _wDEWEY _c2 _i24071 _lCCODEBUL1 _mBUL _r0 _sY _tBOOK _u2015-6-17 _xTEOLOGIA _PP35 _0COMPRA _o.STAFF. Colección General |
||
| 994 |
_aC0 _bPEPRU |
||
| 596 | _a1 | ||
| 999 |
_a111 G41 _wDEWEY _c1794 _i30395 _d1794 _f2021-11-4 _g5 _lCCODEBUL1 _mBUL _q1 _r0 _sY _tBOOK _u2015-6-17 _xBIBLIOTECA _PP35 _0COMPRA _o.STAFF. Colección General |
||
| 999 |
_a111 G41 _wDEWEY _c2 _i24071 _f2021-11-4 _g5 _lCCODEBUL1 _mBUL _r0 _sY _tBOOK _u2015-6-17 _xBIBLIOTECA _PP35 _0COMPRA _o.STAFF. Colección General |
||
| 980 |
_81 _gALBERTO SANCHEZ Responsable de Automatización |
||